Monique Dixsaut et Aldo Brancacci (éd.), Platon, source des Présocratiques. Exploration, (Appendice : Mentions dans les dialogues des noms des Présocratiques étudiés dans ce volume, Bibliographie par Luc Brisson avec le concours de Benoît Castelnérac, Table des abréviations, Index des auteurs cités), Paris, Vrin, 2002, 239 p. (notice n° 1657066)
[ vue normale ]
| 000 -LEADER | |
|---|---|
| fixed length control field | 00794cam a2200145 4500500 |
| 005 - DATE AND TIME OF LATEST TRANSACTION | |
| control field | 20260208010539.0 |
| 041 ## - LANGUAGE CODE | |
| Language code of text/sound track or separate title | fre |
| 042 ## - AUTHENTICATION CODE | |
| Authentication code | dc |
| 100 10 - MAIN ENTRY--PERSONAL NAME | |
| Personal name | Balansard, Anne |
| Relator term | author |
| 245 00 - TITLE STATEMENT | |
| Title | Monique Dixsaut et Aldo Brancacci (éd.), Platon, source des Présocratiques. Exploration, (Appendice : Mentions dans les dialogues des noms des Présocratiques étudiés dans ce volume, Bibliographie par Luc Brisson avec le concours de Benoît Castelnérac, Table des abréviations, Index des auteurs cités), Paris, Vrin, 2002, 239 p. |
| 260 ## - PUBLICATION, DISTRIBUTION, ETC. | |
| Date of publication, distribution, etc. | 2005.<br/> |
| 500 ## - GENERAL NOTE | |
| General note | 21 |
| 786 0# - DATA SOURCE ENTRY | |
| Note | Revue philosophique de la France et de l'étranger | 130 | 1 | 2005-03-01 | p. 77za-130za | 0035-3833 |
| 856 41 - ELECTRONIC LOCATION AND ACCESS | |
| Uniform Resource Identifier | <a href="https://shs.cairn.info/revue-philosophique-2005-1-page-77za?lang=fr&redirect-ssocas=7080">https://shs.cairn.info/revue-philosophique-2005-1-page-77za?lang=fr&redirect-ssocas=7080</a> |
Pas d'exemplaire disponible.




Réseaux sociaux